00000000nam##2200000za#4500
0019.634494
003CaOODSP
00520210624215824
007cr |||||||||||
008150407|2007||||xxc|||||o    f|0| 0 fre|d
020 |a978-0-662-09885-0
040 |aCaOODSP|bfre
043 |an-cn---
0861 |aSC3-128/2007F-PDF
1102 |aCommission de la Fonction publique du Canada.
24510|aLes nouveaux fonctionnaires nommés pour une période indéterminée : |h[ressource électronique]|bqui sont-ils? : étude statistique de la Commission de la fonction publique du Canada / |c[par] la Commission de la fonction publique du Canada.
260 |aOttawa - Ontario : |bCommission de la Fonction publique |c2007.
300 |a50p.|bgraphiques, tableaux
5203 |aCe rapport présente les résultats d’une étude sur l’ensemble des nouvelles nominations pour une période indéterminée dans la fonction publique fédérale entre le 1er avril 1998 et le 31 mars 2006. Il renferme des statistiques sur l’expérience antérieure à la fonction publique acquise à un poste temporaire ou déterminé, la composition de l’effectif, les salaires initiaux, l’âge et les membres de minorités visibles. Le rapport décrit également le contexte entourant l’étude ainsi que la méthodologie utilisée.
590 |a07-47|b2007-11-23
69107|aFonction publique|2gcpds
77508|tNew indeterminate employees : |w(CaOODSP)9.690121
7760#|tNew indeterminate employees : |w(CaOODSP)9.669059
7760#|tLes nouveaux fonctionnaires nommés pour une période indéterminée : |w(CaOODSP)9.669060
85640|ahttp://publications.gc.ca|qPDF|s477 Ko|uhttps://publications.gc.ca/collections/collection_2007/psc-cfp/SC3-128-2007F.pdf